Images économiques du monde 2019 : Les nouvelles routes de la soie : vers une mondialisation chinoise ? (notice n° 2197832)
[ vue normale ]
| 000 -LEADER | |
|---|---|
| fixed length control field | 01634cam a2200205 4500500 |
| 005 - DATE AND TIME OF LATEST TRANSACTION | |
| control field | 20260405085452.0 |
| 041 ## - LANGUAGE CODE | |
| Language code of text/sound track or separate title | fre |
| 042 ## - AUTHENTICATION CODE | |
| Authentication code | dc |
| 100 10 - MAIN ENTRY--PERSONAL NAME | |
| Personal name | Bost, François |
| Relator term | author |
| 245 00 - TITLE STATEMENT | |
| Title | Images économiques du monde 2019 : Les nouvelles routes de la soie : vers une mondialisation chinoise ? |
| 260 ## - PUBLICATION, DISTRIBUTION, ETC. | |
| Name of publisher, distributor, etc. | Armand Colin,<br/> |
| Date of publication, distribution, etc. | 2018.<br/> |
| 520 ## - SUMMARY, ETC. | |
| Summary, etc. | DOSSIER : Les Nouvelles Routes de la soie : vers une mondialisation chinoise ? par Sébastien COLIN POPULATION ET SOCIÉTÉ coordonné par Antoine LAPORTE ENTREPRISES ET ÉCHANGES coordonné par François BOST et Laurent CARROUÉ AMÉRIQUES coordonné par Christian PIHET EUROPE coordonné par Laurent CARROUÉ EURASIE coordonné par David TEURTRIE MAGHREB/MOYEN-ORIENT coordonné par Olivier SANMARTIN AFRIQUE SUBSAHARIENNE coordonné par François BOST ASIE-PACIFIQUE coordonné par Sébastien COLIN 7 zooms thématiques : Population – Inégalités – Villes – Mobilités – Éducation – Santé – Environnement L’actualité géoéconomique en 5 secteurs : Entreprises – Industries – Échanges – Finances – Agriculture – Ressources Le monde en 126 fiches pays et 24 tableaux statistiques synthétiques 60 auteurs géographes, historiens, économistes, politologues, journalistes |
| 700 10 - ADDED ENTRY--PERSONAL NAME | |
| Personal name | Carroué, Laurent |
| Relator term | author |
| 700 10 - ADDED ENTRY--PERSONAL NAME | |
| Personal name | Colin, Sébastien |
| Relator term | author |
| 700 10 - ADDED ENTRY--PERSONAL NAME | |
| Personal name | Laporte, Antoine |
| Relator term | author |
| 700 10 - ADDED ENTRY--PERSONAL NAME | |
| Personal name | Pihet, Christian |
| Relator term | author |
| 700 10 - ADDED ENTRY--PERSONAL NAME | |
| Personal name | Sanmartin, Olivier |
| Relator term | author |
| 700 10 - ADDED ENTRY--PERSONAL NAME | |
| Personal name | Teurtrie, David |
| Relator term | author |
| 856 41 - ELECTRONIC LOCATION AND ACCESS | |
| Uniform Resource Identifier | <a href="https://shs.cairn.info/images-economiques-du-monde-2019--9782200623296?lang=fr&redirect-ssocas=7080">https://shs.cairn.info/images-economiques-du-monde-2019--9782200623296?lang=fr&redirect-ssocas=7080</a> |
Pas d'exemplaire disponible.




Réseaux sociaux